00343nam a2200109Ia 4500008004100000245006800041245001000109260000900119650001300128999001900141952007300160171211s9999 xx 000 0 und d aJust Tanks! Big Book Of Photos Volume 1. Just Pictures Of Tanks cOther c2012 xMilitary c348298d348298 001040aCLbCLd2017-12-11l0r2017-12-11 00:00:00w2017-12-11yCBE